000 00448nam a2200193Ia 4500
005 20240823031959.0
008 240823s9999||||xx |||||||||||||| ||und||
020 _a978-81-7223-502-4
041 _aENGLISH
082 _A813.6 Q1
100 _aJhumpa Lahiri
245 0 _aInterpreter of Maladies
250 _a1st
260 _c2011
_bHarper Collins Publi
500 _aYES
650 _aMaladies
_bGeneral
942 _cBK
999 _c192357
_d192357